Statistiken für Welche Stadt in Europa? - Mehrfachauswahl

Klicken Sie hier um das Quiz zu spielen!

Allgemein

  • Dieses Quiz wurde 228 mal gespielt
  • Das Durchschnittsergebnis liegt bei 8 aus 15

Antwortstatistiken

FrageAntwort% Korrekt
Größte Stadt an der IsarMünchen
94%
Wo die Mona Lisa angezeigt wirdParis
78%
Ist nicht am Ufer eines SeesBern
70%
Welche Stadt ist einer anderen Hauptstadt am nächsten?Bratislava
62%
Sie geben dort Euro ausTallinn
62%
Hauptstadt auf SardinienCagliari
61%
Zuletzt fanden die Olympischen Winterspiele stattTurin
59%
Ist der westlichsteDublin
57%
Größten Stadt der Kanarischen InselnSanta Cruz de Tenerife
55%
Lage des Rijksmuseums und des ConcertgebouwAmsterdam
51%
Die Hauptstadt und größte Stadt von RhodosRhodos
49%
Lage des Topkapı-Palastİstanbul
47%
Am weitesten nördlich gelegene Stadt?Stockholm
42%
Hat die größte StadtbevölkerungMailand
27%
Geburtsort von Gustave EiffelDijon
19%

Verteilung der Resultate

Perzentil nach korrekt beantworteten Fragen

Anzahl Personen mit jedem Resultat

Ihre Resultats-Entwicklung

Sie haben dieses Quiz noch nicht gespielt